000 00407cam a2200169 4500
001 D13884
008 090401t1959 xxu||||| |||| 00| 0 eng d
035 _a(Sirsi) u12187
041 _aeng
110 _aShaw & Sons Ltd
_95201
245 _aPractical guide to Valuation for rating
260 _aLondon
_bShaw & Sons Ltd
_c1959
350 _a0
520 _aShelf 135
942 _n0
948 _c04/03/1997
999 _c86957
_d86957